000 00971nam a2200229 a 4500
001 000008291
005 20200929161325.0
008 780927s1978 ve 000 f spa d
010 _a78107424
040 _aDO-SdBNP
_bspa
_cBNPHU
082 _aV863.44
_bD265m
100 1 _aDaviu, Matilde.
_922436
245 1 0 _aMaithuna /
_cMatilde Daviu.
260 _aCaracas :
_bMonte Avila Editores,
_c[1978].
300 _a148 p. ;
_c19 cm.
490 1 _aDonaire
505 0 _aDomingo de teatro -- La transfiguración de Ofelia -- El extraño -- Maithuna -- Tu escudo y mi latigo -- Entre la vigilia y el sueño -- La caida de Persepolis -- El hombre que quemo el mundo -- La mujer que rasgo el mundo -- Casandra anonima -- Como cortar dalias blancas -- El girar de un girasol -- Fragmento sin título -- La muerte no tiene dueño.
650 4 _aNovela venezolana
_93962
650 4 _aLiteratura venezolana
_ySIGLO XXI
_917361
830 0 _aDonaire
_98050
910 _aEn proceso
999 _c8062
_d8062